Служебная записка начальника РУ РККА С. П. Урицкого наркому внутренних дел СССР Г. Г. Ягоде с приложением агентурного донесения ...

RUSMARC
00003937cbm0a2200265#x 450
0015d43c2dd-401b-423c-aa3a-44d14f90f61f
00520200427114812.0
100##$a20200427j19351024k###0rusy50 ca
1010#$arus
102##$aRU
1220#$ad19351024##
2001#$aСлужебная записка начальника РУ РККА С. П. Урицкого наркому внутренних дел СССР Г. Г. Ягоде с приложением агентурного донесения о подготовке Германии к нападению на СССР
$j24 октября 1935 г.
251##$cДокумент
300##$aСлужебная записка – подлинник, агентурное донесение – заверенная копия
461#0$12001
$aФ. 3
$1251
$cФонд
$1852
$j3
462#0$12001
$aОп. 2
$1251
$cОпись
$1852
$j2
462#0$12001
$aД. 846
$vЛ. 132–134
$1251
$cДело
$1852
$j846
605##$2prlib_sh
$3LIBNET\UAF\0000088514
$aВторая мировая война в архивных документах (Комплекс оцифрованных архивных документов, кино- и фотоматериалов)
$lколлекция
617##$aСССР
$f1935
$2prlib_sh
617##$aГермания
$f1935
$2prlib_sh
801#0$aRU
$bПБ им. Б.Н. Ельцина
$c20200427
801#1$aRU
$bПБ им. Б.Н. Ельцина
$c20200427
$2rusmarc
801#2$aRU
$bПБ им. Б.Н. Ельцина
$c20200427
$2rusmarc
850##$aЦентральный архив Федеральной службы безопасности России
852##$aЦА ФСБ России
$jЛ. 132–134
035##$aLIBNET\0001070359
937##$d144187022
$hЦентральный архив Федеральной службы безопасности России
8564#$uhttp://readingroom.main.prlib.ru/item.aspx?id_node=n144187022&mode=full
Формат отображения